| 000 | 00547nam a2200181Ia 4500 | ||
|---|---|---|---|
| 005 | 20250423100249.0 | ||
| 008 | 250422s9999 xx 000 0 und d | ||
| 020 | _a0815148003 | ||
| 050 | _aR 121 .M89/ | ||
| 245 | 0 | _aMosby's medical, nursing, & allied health dictionary | |
| 250 | _a5th ed. | ||
| 260 | _aSt. Louis | ||
| 260 | _bMosby | ||
| 260 | _c1998 | ||
| 300 | _a2042 p | ||
| 650 | _aMedicine--Dictionaries. Nursing--Dictionaries. Dictionaries, Medical. Nursing--dictionaries. Allied Health Occupations--dictionaries. | ||
| 942 | _cBK | ||
| 999 |
_c32775 _d32775 |
||